000 00438nam a2200181Ia 4500
001 9809
005 20260306161745.0
008 260306t2008||||xx |||||||||||||| ||spa||
041 _aESP
082 _a465
_bA69 2008
100 _aArenas Martín-Abril, Paula
_eAUT
245 0 _aGramática de la lengua española
260 _c2008
300 _a247 páginas :
_c19 cm.
650 _aGEN
654 _aCHU
942 _cLIB
_dJUS
_fJUS
_2ddc
_n
999 _c9809
_d9809